| 000 | 00829cam a2200253u 4500 | ||
|---|---|---|---|
| 999 |
_c48211 _d48211 |
||
| 001 | 7419708 | ||
| 003 | Nust | ||
| 005 | 20170112115452.0 | ||
| 008 | 821203s1948 enk 000 0 eng | ||
| 010 | _a 49001309 | ||
| 020 | _a0415345472 (pbk) | ||
| 040 |
_aDLC _cCarP _dDLC |
||
| 041 | 1 |
_aeng _hger |
|
| 050 | 0 | 0 |
_aB2766.E6 _bP3 |
| 082 |
_a170 _bKAN |
||
| 100 | 1 |
_aKant, Immanuel, _d1724-1804. |
|
| 240 | 1 | 0 |
_aGrundlegung zur Metaphysik der Sitten. _lEnglish |
| 245 | 1 | 4 | _aThe moral law; |
| 260 |
_aLondon, _aNew York, _bHutchinson's University Library _c1948 |
||
| 300 |
_a164 p. _c24 cm. |
||
| 650 | 0 | _aEthics. | |
| 700 | 1 |
_aPaton, H. J. _q(Herbert James), _d1887- _eed. and tr. |
|
| 740 | 0 | _aGroundwork of the metaphysic of morals. | |
| 830 | 0 | _aSenior series. [from old catalog] | |
| 906 |
_a0 _bcbc _cpremunv _du _encip _f19 _gy-gencatlg |
||
| 942 |
_2ddc _cBK |
||